000 01084cam a2200313 4500
008 090401t1996 xxu||||| |||| 00| 0 eng d
020 _a0876294190
035 _a(Sirsi) u81116
041 _aeng
050 _a658.2
110 _aR S Means
_93529
245 _aCost planning and estimating for facilities maintenance.
260 _aKingston, MA
_bR. S. Means & Co.
_c1996
300 _axix,472p. ; 28cm.
350 _a74.95
520 _aAn American book which includes evaluating and budgeting operations, maintaining and repairing major building components, applying R S Means facilties maintenance and repair cost data and specific coverage of building types.
650 _aBENCHMARKING
650 _aBUILDING COMPONENTS
650 _aCOST PLANNING
650 _aFACILITIES MAINTENANCE
650 _aFACILITIES MANAGEMENT
_96240
650 _aMAINTENANCE MANAGEMENT
650 _aMEANS FACILITIES MAINTENANCE AND REPAIR COST DATA
650 _aOUTSOURCING
650 _aUNITED STATES
690 _aBUILT ENVIRONMENT
942 _n0
948 _c26/09/1997
999 _c96670
_d96670